000 00290nam a22001337a 4500
008 210609b ||||| |||| 00| 0 eng d
041 _aeng
080 _a330
082 _a330
100 _a52
101 _aEKO
245 _aMasons and Builders Library
_cDezettel,L.M
942 _2udc
_cBK
999 _c58092
_d58092